000 00419nam a2200169Ia 4500
003 GCL
008 140319s9999 xx 000 0 eng d
040 _aGCL /
_cGCL
082 0 4 _a629.135
_bC Y
100 1 _aCHRISTY, JOE
245 1 0 _aYOUR PILOT'S LICENSE /
_cCHRISTY, JOE
260 _a[S.N] :
_bTAB BOOKS
650 0 4 _aAIRPLANES - PILOTING
650 0 4 _aPRIVATE FLYING
650 0 4 _aAIR PILOTS
942 _2ddc
_cBK
999 _c11374
_d11374